| 000 | 00501nam a2200169 i 4500 | ||
|---|---|---|---|
| 001 | 21272 | ||
| 003 | ES-MaACL | ||
| 005 | 20230906152441.0 | ||
| 007 | t| | ||
| 008 | 021122s1928 it ||||1| ita d | ||
| 100 | 1 |
_aAgresti, Raffaele. _918593 |
|
| 245 | 1 | 0 |
_aIn memoria dell'Avvocato Dr. Vladimiro Pappafava / _cRaffaele Agresti. |
| 260 |
_a[S.l.] : _b[s.n.], _c1928 ( _fZava Tip. Commerciale) |
||
| 300 |
_a56 p. ; _c24 cm. |
||
| 600 | 0 | 4 |
_aPappafava, Vladimir. _988882 |
| 852 |
_aES-MaACL _j1726-F-17 |
||
| 999 |
_c21272 _d21272 |
||